|
|
|
|
| LEADER |
00864nta a2200205 i 4500 |
| 001 |
dipl90742 |
| 005 |
20200706081352.0 |
| 008 |
200706s2019 hu om 0|| zxx d |
| 040 |
|
|
|a SZTE Diploma Repozitórium
|b hun
|
| 041 |
|
|
|a zxx
|
| 100 |
1 |
|
|a Bolyán Dorina Gabriella
|
| 245 |
1 |
2 |
|a A stressz és az egészséges életmód jellemzőinek vizsgálata 21-55 éves munkavállalók körében
|h [elektronikus dokumentum] /
|c Dorina Gabriella Bolyán
|
| 246 |
1 |
0 |
|a Research on the characteristics of stress and healthy lifestyle among employees aged between 21-55
|h [elektronikus dokumentum]
|
| 260 |
|
|
|c 2019
|
| 650 |
|
4 |
|a Pedagógusképzés
|
| 650 |
|
4 |
|a Health promotion
|
| 650 |
|
4 |
|a Health behaviour
|
| 650 |
|
4 |
|a Health care
|
| 700 |
1 |
|
|a Lippai László
|e ths
|
| 856 |
4 |
0 |
|u http://diploma.bibl.u-szeged.hu/id/eprint/90742/1/2019_bolyan_dorina_gabriella.pdf
|z Dokumentum-elérés
|